000 00384nam a2200097Ia 4500
082 _aJ R 641.56314083
245 0 _aThe Everything guide to cooking for children with diabetes : from everyday meals to holiday treats-- how to prepare foods your child will love to eat
100 _a McCarthy, Moira Avon, Mass., 2009
942 _cBK
008 210817s9999 xx 000 0 und d
999 _c229630
_d229629